=LDR 00000nam 2200000 4500 =001 INLIS000000000008407 =005 20130612100301 =008 ***********************************Ind** =035 ##$$0010-061300000008407 =041 ##$$a Ind =082 ##$$a 2x4.150 1 =090 ##$$a 2x4.150, Shi h =100 ##$$a Shihab, M. Quraish =245 ##$$a Haji bersama M. Quraish Shihab, Panduan praktis menuju haji mabrur =260 ##$$a 1997 $b Bandung =300 ##$$a 62 hlm, 21 cm =650 ##$$a Ibadah